| 000 | 00571nam a22001817a 4500 | ||
|---|---|---|---|
| 003 | OSt | ||
| 005 | 20260116040741.0 | ||
| 008 | 260116b |||||||| |||| 00| 0 eng d | ||
| 040 |
_aDWC-Main Lib. _cOC |
||
| 082 | _aSP 378 G377 2006 | ||
| 100 | _aGerona, Danilo M. | ||
| 245 |
_aRecuerdos de mi colegio/ _cDanilo M. Gerona |
||
| 260 |
_aNaga City : _bAMS Press, _cc2006. |
||
| 300 |
_a163 p. : _billustration. ; _c20 cm. |
||
| 504 | _aIncludes bibliographical references. | ||
| 650 | _a1. Colegio de Sta. Isabel-Colleges and universities. | ||
| 942 |
_2ddc _cSC _hSP _n0 |
||
| 999 |
_c7496 _d7496 |
||